Statistiques concernant Les clubs de Ligue 1 sur Instagram

Cliquez ici pour prendre le quiz!

Statistiques générales

  • Ce quiz a été pris 107 fois
  • Le résultat moyen est 11 sur 18

Statistiques - réponses

Nombre
d'abonné
Clubs% Correct
66.9 MParis Saint Germain
100%
3.1 MOlympique de Marseille
99%
2.3 MOlympique Lyonnais
99%
2 MMonaco
91%
643 kLOSC Lille
86%
514 kOGC Nice
76%
498 kFC Nantes
69%
389 kStade Rennais
68%
363 kToulouse FC
62%
353 kStade Brestois 29
48%
338 kRC Lens
47%
270 kMontpellier HSC
46%
166 kRC Strasbourg
45%
127 kStade de Reims
42%
95.2 kClermont Foot 63
40%
195 kFC Metz
38%
89.1 kLe Havre AC
37%
135 kFC Lorient
36%

Distribution des résultats

Percentile par nombre de réponses

% des personnes avec chaque résultat

Votre développement - résultats

Vous n’avez pas pris ce quiz